Breakfast - Statistics

General Stats
  • This quiz has been taken 44 times
  • The average score is 5 of 9
Answer Stats
Answer % Correct
Eggs
92%
Bacon
87%
Toast
74%
Cereal
71%
Milk
61%
Orange Juice
61%
Waffles
39%
Fruits
18%
Veggies
5%
No matching quizzes found
Score Distribution
Percent of People with Each Score
Percentile by Number Answered
Your Score History
You have not taken this quiz